Business and transfer taxation: (Record no. 358070)
[ view plain ]
| 000 -LEADER | |
|---|---|
| fixed length control field | 00551nam a2200145Ia 4500 |
| 008 - FIXED-LENGTH DATA ELEMENTS--GENERAL INFORMATION | |
| fixed length control field | 180627s9999 xx 000 0 und d |
| 020 ## - INTERNATIONAL STANDARD BOOK NUMBER | |
| International Standard Book Number | 9789719594017 |
| 100 ## - MAIN ENTRY--PERSONAL NAME | |
| Personal name | Banggawan, Rex B. |
| 245 ## - TITLE STATEMENT | |
| Title | Business and transfer taxation: |
| Remainder of title | Laws principle-based approach / |
| 250 ## - EDITION STATEMENT | |
| Edition statement | 2017 ed |
| 260 ## - PUBLICATION, DISTRIBUTION, ETC. (IMPRINT) | |
| Place of publication, distribution, etc | Pasay City: |
| Name of publisher, distributor, etc | Real Excellence |
| Date of publication, distribution, etc | 2015 |
| 300 ## - PHYSICAL DESCRIPTION | |
| Extent | 646 pages |
| Other physical details | illustrations ; |
| Dimensions | 26cm |
| 650 ## - SUBJECT ADDED ENTRY--TOPICAL TERM | |
| Topical term or geographic name as entry element | Business enterprises -- Taxation -- Law and legislation -- Philippines. |
| 650 ## - SUBJECT ADDED ENTRY--TOPICAL TERM | |
| Topical term or geographic name as entry element | Inheritance and transfer tax -- Law and legislation -- Philippines. |
| Withdrawn status | Lost status | Damaged status | Home library | Current library | Shelving location | Date acquired | Source of acquisition | Total Checkouts | Total Renewals | Full call number | Barcode | Checked out | Date last seen | Date checked out | Price effective from | Koha item type |
|---|---|---|---|---|---|---|---|---|---|---|---|---|---|---|---|---|
| College Library | College Library | Filipiniana Section | 06/27/2018 | 4 | 44 | HJ 2950 .B216 2015 | C21527 | 04/18/2026 | 02/19/2026 | 02/19/2026 | 06/27/2018 | Books |